LEADER 01554nam 2200433Ia 450 001 996386471503316 005 20200824132058.0 035 $a(CKB)4940000000081157 035 $a(EEBO)2240874536 035 $a(OCoLC)ocm13675000e 035 $a(OCoLC)13675000 035 $a(EXLCZ)994940000000081157 100 $a19860602d1682 uy | 101 0 $aeng 135 $aurbn||||a|bb| 200 12$aA sermon wherein is shewed that the church of God is sometimes a subject of great persecution$b[electronic resource] $epreached on a publick fast at Boston in New England occasioned by the tidings of a great persecution raised against the Protestants in France /$fby Increase Mather .. 210 $aBoston in New-England $cPrinted for Samuel Sewall$d1682 215 $a[6], 24 p 300 $aRunning title: The church a subject of persecution. 300 $aAdvertisement on p. 24. 300 $aErrata: p. 24. 300 $aReproduction of original in Huntington Library. 330 $aeebo-0113 606 $aPersecution$vSermons 606 $aPersecution$vEarly works to 1800 606 $aFast-day sermons 615 0$aPersecution 615 0$aPersecution 615 0$aFast-day sermons. 700 $aMather$b Increase$f1639-1723.$0790750 801 0$bEAA 801 1$bEAA 801 2$bm/c 801 2$bEAA 801 2$bWaOLN 906 $aBOOK 912 $a996386471503316 996 $aA sermon wherein is shewed that the church of God is sometimes a subject of great persecution$92361802 997 $aUNISA LEADER 01106nam 2200373 450 001 9910159052203321 005 20230810001717.0 010 $a3-86851-516-X 035 $a(CKB)3710000001012109 035 $a(MiAaPQ)EBC4797810 035 $a(EXLCZ)993710000001012109 100 $a20170215h20172017 uy 0 101 0 $ager 135 $aurcnu|||||||| 181 $2rdacontent 182 $2rdamedia 183 $2rdacarrier 200 10$aGesetzliche Rente fu?r beamte, freiberufler und Selbststa?ndige /$fWerner Siepe 210 1$aBerlin, [Germany] :$cStiftung Warentest,$d2017. 210 4$dİ2017 215 $a1 online resource (53 pages) $cillustrations, tables 606 $aSelf-employed 606 $aIndependent contractors 615 0$aSelf-employed. 615 0$aIndependent contractors. 676 $a658.041 700 $aSiepe$b Werner$01378876 801 0$bMiAaPQ 801 1$bMiAaPQ 801 2$bMiAaPQ 906 $aBOOK 912 $a9910159052203321 996 $aGesetzliche Rente fu?r beamte, freiberufler und Selbststa?ndige$93417940 997 $aUNINA